000 00220nam a22000857a 4500
008 160920b xxu||||| |||| 00| 0 eng d
100 _9679
_aMisra.R.R
245 _aSee Chemistry-IX
260 _aNew Delhi
_bAPC Publications
_c2011
999 _c3336
_d3336